Statistics for The Missing Link #10

Click here to take the quiz!

General Stats

  • This quiz has been taken 41 times
  • The average score is 8 of 15

Answer Stats

Answer% Correct
Elvis Presley
100%
Queen Elizabeth II
100%
Brad Pitt
89%
Sean Connery
84%
Liam Neeson
76%
Chevy Chase
55%
James Cameron
50%
Danny Glover
47%
Robert Duvall
47%
Larry David
42%
Rock Hudson
32%
Aloysius Parker
26%
Paul Stanley
26%
All had driving jobs
5%
Lisa Kelly
0%

Score Distribution

Percentile by Number Answered

Percent of People with Each Score

Your Score History

You have not taken this quiz